000 01060nam a2200229Ia 4500
003 Ost
005 20260507075231.0
008 260507s9999||||xx |||||||||||||| ||und||
020 _a98251199579
040 _cfsecg
041 _aara
082 _a330
100 _aالوزني، خالد واصف
_eمؤلف
245 0 _aشؤون اقتصادية :
_bمقالات منشورة 2004-2008 /
_c خالد واصف الوزني
260 _aعمان:
_bدار وائل,
_c2009
300 _a296 صفحة؛
_c24 سم
520 _aشؤون الاقتصاد الكلي و الاصلاح الاقتصادي شؤون السياسة المالية و النقدية ، سياسات اقتصادية ، شؤون تنموية : المناطق التنموية ، التنمية الاجتماعية ، تنمية عامة ، شؤون العمل و الفقر و البطالة ، شؤون عربية و دولية ، شؤون عامة.
653 _aالاقتصاد
653 _aالاقتصاد المالي
653 _aمقالات
942 _cكتاب
999 _c43561
_d43561